Diligentia quam in suis

שמור ב:
מידע ביבליוגרפי
מחבר ראשי: Santucci, Gianni (autor)
פורמט: ספר
יצא לאור: Trieste, Italia; Trieste Universitá degli Studi di Trento, 2008.
סדרה:Quaderni del Dipartimento, 73.
נושאים:
תגים: הוספת תג
אין תגיות, היה/י הראשונ/ה לתייג את הרשומה!

MARC

LEADER 00000nam a2200000 a 4500
001 UCG0396
003 CL-VaPUC
005 20220624084044.0
008 220624t2008| |||| 00| 0 eng d
999 |c 340037  |d 340035 
020 |a 9788884432438. 
040 |c Pontificia Universidad Católica de Valparaíso 
082 7 |a 340.54 SAN 2008  |2 22 
100 0 |a Santucci, Gianni  |e autor  |9 547786 
245 |a  Diligentia quam in suis 
260 |a Trieste, Italia;  |b Trieste Universitá degli Studi di Trento,  |c 2008. 
300 |a 131 páginas.  
490 |a Quaderni del Dipartimento, 73. 
583 |a last modification  |c 20121214 12:16:40  |k Rodrigo Vera 
650 0 |a Derecho romano  |9 255930 
942 |c BK  |2 ddc 
952 |0 0  |1 0  |4 0  |6 340_540000000000000_SAN_2008  |7 0  |8 DER_ROM  |9 434380  |a BIBDER  |b BIBDER  |d 2019-11-22  |i 4654250  |o 340.54 SAN 2008  |p 4654250  |r 2023-01-25  |w 2019-11-22  |x Ubicación 4to piso  |y BK  |z Este recurso debe solicitarse con anticipación  |k DER